Parole più frequenti in "Harry Potter e la pietra filosofale" - Statistics

Statistiche generali
  • Questo quiz è stato fatto 173 volte
  • Il punteggio medio è 21 su 40
Statistiche sulle risposte
Posizione Occorrenze Parola % Corretto
25 450 L
96%
9 1230 HARRY
93%
4 1845 A
92%
18 535 I
89%
3 2165 E
87%
15 695 È
87%
10 1116 SI
85%
26 408 RON
84%
34 264 HERMIONE
83%
19 531 LE
79%
17 613 MA
79%
5 1594 LA
76%
12 825 PER
69%
22 469 DA
67%
1 2647 DI
67%
24 461 LO
67%
16 658 CON
65%
27 367 SE
65%
11 980 IN
64%
20 530 GLI
61%
6 1453 IL
58%
7 1440 UN
51%
14 749 UNA
49%
29 356 HAGRID
47%
31 325 DEL
45%
40 226 CI
44%
32 291 AL
43%
2 2258 CHE
34%
39 228 LUI
33%
8 1406 NON
33%
33 286 DELLA
27%
28 363 COME
19%
38 233 ALLA
18%
34 264 COSA
18%
37 234 QUANDO
18%
13 756 ERA
15%
30 333 PIÙ
12%
36 235 QUEL
11%
23 462 AVEVA
7%
21 482 DISSE
7%
Nessun quiz corrispondente trovato
Distribuzione punteggi
Percentuale di utenti per punteggio
Percentile per numero di risposta
I tuoi punteggi nel tempo
Non hai fatto questo quiz